Представление документа в формате MARC21

Поле Инд. ПП Название Значение
Тип записи a
Библиографический уровень m
001 Контрольный номер DU/612029806
005 Дата корректировки 20251212125243.3
020 a ISBN 978-5-8291-2294-2
084 a Индекс другой классификации/Индекс ББК 81.002; 71.05
090 a Полочн. индекс 81.002
x Авторский знак Б 262
100 1_ a Автор Барт Р.
q Полное имя Барт Ролан
245 10 a Заглавие Система моды: Статьи по семиотике культуры
c Ответственность перевод с французского С. Н. Зенкина
260 b Издательство Академический Проект
a Место издания Москва
c Дата издания 2018
300 a Объем 430 с.
336 a Термин вида содержания Текст
337 a Термин типа средства непосредственный
440 _0 a Серия Философские технологии
541 1_ a Номер заявки 8568
b Заявитель Шарова Т.С.
c Факультет/Кафедра/Подразделение Библиотечная система
d Дата заявки 29.04.2019
f Дисциплина -
h Уровень подготовки Бакалавриат
n Количество экземпляров 2
650 04 a Основная рубрика культурология
a Основная рубрика общее языкознание
a Основная рубрика семиотика культуры
a Основная рубрика теоретическая культурология (фундаментальная культурология)
a Основная рубрика филологические науки
a Основная рубрика языкознание
653 0_ a Ключевые слова вестиментарный код
a Ключевые слова вид
a Ключевые слова знак
a Ключевые слова знаковая культура
a Ключевые слова знаковая система
a Ключевые слова категория вида
a Ключевые слова мода
a Ключевые слова образ
a Ключевые слова риторика
a Ключевые слова риторика образа
a Ключевые слова риторическая система
a Ключевые слова семиология
a Ключевые слова семиотика
a Ключевые слова семиотические системы
a Ключевые слова система
a Ключевые слова смысл
a Ключевые слова структуралистская методология
a Ключевые слова текст
a Ключевые слова трансформации
a Ключевые слова язык
a Ключевые слова языковая система
700 12 a Автор Зенкин С. Н.
e Роль лиц переводчик
720 a Наименование подборки К семинарам по культурологии
e Признак/вид подборки Тематические подборки
900 a Имя электронного ресурса obl_Bart_SM
x Справочная информация Обложка
901 t Тип документа m
952 a Тип литературы для КСУ ВШ НАУ